Science Quiz

Random Science or Animal Quiz
Score 0/20 Timer 05:00
7 Plays Today
% Correct
Horse
99.5%
Elephant
99.2%
Giraffe
98.3%
Fox
98.2%
Lion
97.8%
Tiger
97.8%
Cat
97.5%
Cow
97.3%
Pig
97%
Hippo
96.8%
% Correct
Panda
96.6%
Rabbit
96.3%
Donkey
94.9%
Wolf
94.8%
Bear
94%
Sheep
93.1%
Koala
92.9%
Mouse
91.6%
Kangaroo
83.3%
Bat
71.8%
Remove Ads.
Support Sporcle.
Get the best of Sporcle when you Go Orange. This ad-free experience offers more features, more stats, and more fun while also helping to support Sporcle. Thank you for becoming a member.

You're not logged in!

Compare scores with friends on all Sporcle quizzes.
OR
Log In

Show Comments

Extras

Top Quizzes Today


Score Distribution

Your Account Isn't Verified!

In order to create a playlist on Sporcle, you need to verify the email address you used during registration. Go to your Sporcle Settings to finish the process.

Report this User

Report this user for behavior that violates our Community Guidelines.

Details: